Statistics for name the glass animals song by the lyric

Click here to take the quiz!

General Stats

  • This quiz has been taken 93 times
  • The average score is 11 of 18

Answer Stats

lyricsong% Correct
"fake water all across the road"heat waves
79%
"you just wanna know those peanut butter vibes"gooey
75%
"I can't get a job so I live with my mum"life itself
75%
"how come you only look pleased in bed?"pork soda
73%
"funny friends that make you laugh"youth
73%
"wavey davey's on fire"tokyo drifting
72%
"chewing on a fat smoke, no filter but you're puffing"take a slice
69%
"as cold as an old ice cream sandwich"tangerine
69%
"he had a gun on the first day of high school"dreamland
68%
"hotels and alcohol"hot sugar
67%
"drip drop, gimme what you got"waterfalls coming out your mouth
62%
"slow down, it's a science"black mambo
56%
"now I go my way and you go yours"space ghost coast to coast
54%
"was that your voice or was that me?"mama's gun
53%
"I want you to eat me alive"your love (deja vu)
48%
"just you say the reason why"hazey
33%
"take his eye out with a ball point pen"exxus
21%
"she's drunk on old cartoons"series 2 episode 3
5%

Score Distribution

Percentile by Number Answered

Percent of People with Each Score

Your Score History

You have not taken this quiz